| 000 | 00567nam a2200169Ia 4500 | ||
|---|---|---|---|
| 003 | GCL | ||
| 008 | 140319s9999 xx 000 0 ara d | ||
| 040 |
_aGCL / _cGCL |
||
| 082 | 0 | 4 |
_aد _b050 _bم ع |
| 245 | 1 | 0 |
_aعالم الفكر ( مج29 \ع4 \ 2001 ) : _bمجلة دورية محكمة تصدر اربع مرات فى السنة |
| 250 | _aالاولى | ||
| 650 | 0 | 4 | _aالتاريخ - تدوين |
| 650 | 0 | 4 | _aالمؤرخون المسلمون |
| 650 | 0 | 4 | _aالموسيقى - تاريخ ونقد |
| 650 | 0 | 4 | _aالمسرح الاغريقى |
| 942 |
_2ddc _cCR |
||
| 999 |
_c7664 _d7664 |
||